[Event "AUTO-BEG-657"]
[Site "http://www.queenalice.com/game.php?id=1515182"]
[Date "2018.2.8"]
[Round "1"]
[White "williamtod98"]
[Black "BristolBarry"]
[Result "0-1"]
[WhiteElo "1221"]
[BlackElo "1126"]

1. d4 d5 2. e3 c5 3. Bb5+ Bd7 4. a4 a6 5. Bxd7+ Qxd7 6. Nf3 Nc6 7. Ne5 Nxe5 8.
dxe5 g6 9. Nc3 Bh6 10. O-O d4 11. Ne2 f6 12. f4 g5 13. g3 O-O-O 14. c3 e6 15.
cxd4 fxe5 16. fxe5 g4 17. Ra3 b5 18. a5 b4 19. Ra4 Ne7 20. Rf7 Rhf8 21. Rxh7 Rh8
22. Qd3 Rxh7 23. Qxh7 Qxa4 24. Qd3 Nc6 25. Nf4 b3 26. Nxe6 Qa1 27. Qd2 cxd4 28.
Nxd8 Kxd8 29. Kg2 Ke7 30. h3 dxe3 31. Qd6+ Kf7 32. Qxh6 Qxc1 33. hxg4 Qxb2+ 34.
Kh3 Qxe5 35. Qxc6 e2 36. Qb7+ Kg6 37. Qxa6+ Kg5 38. Qxe2 Qxe2 39. a6 Qxa6 40.
Kg2 b2 0-1

[Event "AUTO-BEG-657"]
[Site "http://www.queenalice.com/game.php?id=1515183"]
[Date "2018.2.8"]
[Round "1"]
[White "BristolBarry"]
[Black "williamtod98"]
[Result "1-0"]
[WhiteElo "1090"]
[BlackElo "1164"]

1. d4 d5 2. e4 Nf6 3. e5 Ne4 4. Bd3 Nc6 5. c4 Nxd4 6. Nf3 c5 7. b3 f6 8. cxd5
Ng5 9. Bc4 a6 10. e6 b5 11. Bd3 Qxd5 12. Nc3 Qxe6+ 13. Be3 Nf5 14. g4 Nxe3 15.
fxe3 Qxe3+ 16. Qe2 Qxf3 17. O-O-O Qh3 18. Nd5 Ra7 19. Rde1 Bxg4 20. Bxb5+ axb5
21. Qxb5+ Kf7 22. Rhf1 Qxh2 23. Rf4 h5 24. Qb8 Rxa2 25. Rxe7+ Kg8 26. Rxg7+ Kxg7
27. Qc7+ Kg6 28. Rxf6# 1-0

[Event "Challenge"]
[Site "http://www.queenalice.com/game.php?id=1518066"]
[Date "2018.3.2"]
[Round "-"]
[White "gruppodilavoro"]
[Black "williamtod98"]
[Result "1-0"]
[WhiteElo "1725"]
[BlackElo "1221"]

1. e4 Nf6 2. Nc3 Nc6 3. d4 e6 4. Nf3 d5 5. e5 Ne4 6. Nxe4 dxe4 7. Bg5 f6 8. exf6
gxf6 9. Ne5 fxg5 10. Qh5+ Ke7 11. Ng6+ hxg6 12. Qxh8 Nxd4 13. O-O-O c5 14. Qh7+
Kf6 15. c3 Nf5 16. Rxd8 Be7 17. Rg8 g4 18. Qxg6+ Ke5 19. Qxg4 a5 20. f4+ Kd6 21.
Qd1+ Kc6 22. Qb3 Bd6 23. Bb5+ Kc7 24. Rd1 Bxf4+ 25. Kb1 Bxh2 26. Rh1 Bg3 27.
Rh7+ Kd6 28. Rd8+ Ke5 29. Bd7 Nd6 30. Qxe6+ Kf4 31. Qxd6+ 1-0

[Event "Challenge"]
[Site "http://www.queenalice.com/game.php?id=1518067"]
[Date "2018.3.2"]
[Round "-"]
[White "williamtod98"]
[Black "gruppodilavoro"]
[Result "0-1"]
[WhiteElo "1217"]
[BlackElo "1666"]

1. d4 Nf6 2. Nf3 e6 3. Nc3 Bb4 4. Bd2 O-O 5. a3 Bxc3 6. Bxc3 Ne4 7. e3 Nxc3 8.
bxc3 d5 9. Bd3 b6 10. O-O c5 11. Ne5 Bb7 12. f4 g6 13. Qg4 Qf6 14. c4 dxc4 15.
Bxc4 Nc6 16. Nd7 Qf5 17. h3 Qxg4 18. hxg4 Rfd8 19. Ne5 Nxe5 20. fxe5 cxd4 21.
exd4 Rxd4 22. Bb3 Rad8 23. c3 Rxg4 24. Rad1 Rxd1 25. Rxd1 Rxg2+ 26. Kf1 h5 27.
Rd7 Be4 28. Rxa7 Rb2 29. Ba4 b5 30. Bd1 Rb1 31. Ke2 h4 32. Rd7 h3 33. Kf2 h2 34.
Bf3 Bxf3 35. Kxf3 Rb3 36. Kg2 Rxc3 37. Rd4 Rxa3 38. Kxh2 Ra4 39. Rxa4 bxa4 40.
Kg1 a3 0-1

[Event "OS INCLIVES"]
[Site "http://www.queenalice.com/game.php?id=1518889"]
[Date "2018.3.8"]
[Round "-"]
[White "williamtod98"]
[Black "adelio"]
[Result "1-0"]
[WhiteElo "1292"]
[BlackElo "1587"]

1. d4 d5 2. e3 e6 3. Nf3 Be7 4. Bd3 h5 5. Nc3 c5 6. O-O h4 7. g3 h3 8. b3 a6 9.
Ne5 Nf6 10. f3 Nh5 11. f4 Nxg3 12. hxg3 b5 13. Kh2 Nd7 14. a4 Nxe5 15. fxe5 g6
16. axb5 Bb7 17. Qf3 Kd7 18. Qxf7 Qe8 19. Qxg6 Qxg6 20. Bxg6 axb5 21. Rxa8 Bxa8
22. Nxb5 c4 23. Ba3 Rf8 24. Rxf8 Bxf8 25. Bxf8 cxb3 26. cxb3 Bc6 27. Nc3 Kc7 28.
Kxh3 Kb6 29. b4 Bb5 30. Kh4 Ka6 31. g4 Bf1 32. Bf7 Bg2 33. Bxe6 Bh1 34. g5 Bg2
35. Kg3 Be4 36. Nxd5 Bxd5 37. Bxd5 1-0

[Event "AUTO-BEG-656"]
[Site "http://www.queenalice.com/game.php?id=1519814"]
[Date "2018.3.16"]
[Round "2"]
[White "williamtod98"]
[Black "ignacius_01"]
[Result "0-1"]
[WhiteElo "1306"]
[BlackElo "1761"]

1. d4 d5 2. Bf4 c5 3. e3 cxd4 4. exd4 Nf6 5. Nf3 Bg4 6. h3 Bd7 7. g4 e6 8. Bd3
Nc6 9. c3 a6 10. Ne5 Be7 11. O-O Qb6 12. Nxc6 bxc6 13. b3 c5 14. Be3 Rc8 15. f4
c4 16. bxc4 dxc4 17. Be2 Nd5 18. Bd2 Qb2 19. Na3 Qxa3 20. Qc1 a5 21. Qxa3 Bxa3
22. f5 Bb2 23. Rab1 Bxc3 24. Rbd1 Bxd4+ 25. Kg2 c3 26. Bc1 Be3 27. Ba3 c2 28.
Ra1 Bd4 29. Rac1 Ne3+ 0-1

[Event "AUTO-BEG-656"]
[Site "http://www.queenalice.com/game.php?id=1519815"]
[Date "2018.3.16"]
[Round "2"]
[White "ignacius_01"]
[Black "williamtod98"]
[Result "1-0"]
[WhiteElo "1684"]
[BlackElo "1320"]

1. d4 d5 2. c4 Nf6 3. cxd5 Nxd5 4. Nc3 Nc6 5. e4 Nxc3 6. bxc3 f6 7. Nf3 e6 8.
Bb5 Bd7 9. O-O a6 10. Bxc6 Bxc6 11. Re1 Qd6 12. g3 O-O-O 13. Nh4 g5 14. Ng2 h6
15. a4 f5 16. Ba3 Qd7 17. Bxf8 Rhxf8 18. f3 b5 19. axb5 Bxb5 20. Qc2 Kb7 21.
Rab1 Ka7 22. Qf2 Bd3 23. d5+ Ka8 24. Qb2 Bxb1 25. dxe6 Qd3 26. e7 1-0

[Event "Challenge"]
[Site "http://www.queenalice.com/game.php?id=1521407"]
[Date "2018.3.28"]
[Round "-"]
[White "cavaliernoir"]
[Black "williamtod98"]
[Result "1-0"]
[WhiteElo "1427"]
[BlackElo "1318"]

1. e4 Nc6 2. d4 Nf6 3. f3 d6 4. Bg5 h6 5. Bxf6 gxf6 6. c3 e5 7. Bb5 Bd7 8. Ne2
a6 9. Bxc6 Bxc6 10. Nd2 Rg8 11. Ng3 b5 12. Nh5 Rxg2 13. Kf1 Rg5 14. Ng3 d5 15.
Nf5 dxe4 16. fxe4 Bd6 17. Nxh6 Rh5 18. Ng4 Rh4 19. b4 Qe7 20. Nb3 Bxe4 21. Rg1
f5 22. Nf2 Rxh2 23. Rg8+ Qf8 24. Rxf8+ Kxf8 25. Nxe4 fxe4 26. Kg1 Rh3 27. Rc1
Ke7 28. Qe1 Rg8+ 29. Kf2 Rg4 30. Ke2 Rg2+ 31. Kd1 Rxa2 32. Nd2 Ra3 33. Nxe4 f5
34. Qf1 Raxc3 35. Nxc3 Bxb4 36. Nd5+ Ke6 37. Nxb4 Ra3 38. Rxc7 exd4 39. Qe1+ Re3
40. Qd2 Re4 41. Nxa6 Kd6 42. Rf7 Ke6 43. Rf8 Ke5 44. Nc5 Rf4 45. Nd3+ 1-0